Quantitavive analysis for business decisions (Record no. 80439)

MARC details
000 -LEADER
fixed length control field 00346pam a2200145 a 4500
020 ## - INTERNATIONAL STANDARD BOOK NUMBER
Terms of availability
041 ## - LANGUAGE CODE
Language code of original
082 ## - DEWEY DECIMAL CLASSIFICATION NUMBER
Item number SRI
100 ## - MAIN ENTRY--PERSONAL NAME
Personal name Srinivasan Bobby ,
Relator term Sandbom C L.
245 ## - TITLE STATEMENT
Title Quantitavive analysis for business decisions
Medium Textual Documents
250 ## - EDITION STATEMENT
Edition statement 1989.
260 ## - PUBLICATION, DISTRIBUTION, ETC.
Place of publication, distribution, etc. New Delhi
Name of publisher, distributor, etc. McGraw Hill
300 ## - PHYSICAL DESCRIPTION
Extent 571 pg .
930 ## - EQUIVALENCE OR CROSS-REFERENCE-UNIFORM TITLE HEADING [LOCAL, CANADA]
Uniform title 3519
Holdings
Withdrawn status Lost status Damaged status Not for loan Collection Home library Current library Date acquired Source of acquisition Cost, normal purchase price Total Checkouts Full call number Barcode Date last seen Copy number Price effective from Koha item type
          Yashwantrao Mohite College of Arts, Science And Commerce, Pune Yashwantrao Mohite College of Arts, Science And Commerce, Pune 02/04/2021 Bharati Sahakari Madhyavarti Grahak Bhandar 200.40   SRI YMP-60611 24/02/2023 1 24/02/2023 Book